Guía submarina de invertebrados no artrópodos

Guardat en:
Dades bibliogràfiques
Autors principals: Ocaña Martín, Amelia (autora), Sánchez Tocino, L (Autor), López González, S (Autor), Viciana Martín, J. F (Autor)
Format: Llibre
Idioma:espanyol
Publicat: Granada Comares 2000
Matèries:
Etiquetes: Afegir etiqueta
Sense etiquetes, Sigues el primer a etiquetar aquest registre!

MARC

LEADER 00000nam a2200000 a 4500
001 UCL7711
003 CL-VaPUC
008 040528e20000000SP |||||||||||||||||spa|d
020 |a 8484441210 
082 0 4 |a 593  |b OCA  |2 21 
100 |a Ocaña Martín, Amelia  |e autora  |9 485600 
700 0 |a Sánchez Tocino, L  |e author  |9 485601 
700 0 |a López González, S  |e author  |9 485602 
700 0 |a Viciana Martín, J. F  |e author  |9 485603 
245 1 0 |a Guía submarina de invertebrados no artrópodos 
300 |a 471 p 
942 |c BK 
945 |d 20040528 00:00:00  |a cmena 
260 |a Granada  |b Comares  |c 2000 
650 0 |a Invertebrados marinos  |9 261807 
650 7 |a ESPONJAS  |2 CL-VaPUC  |9 361942 
650 7 |a PORIFEROS  |2 CL-VaPUC  |9 485604 
650 7 |a CNIDARIOS  |2 CL-VaPUC  |9 485605 
650 7 |a CNETOFOROS  |2 CL-VaPUC  |9 485606 
650 7 |a PLATELMINTOS  |2 CL-VaPUC  |9 485607 
650 0 |a Moluscos  |9 261245 
650 7 |a NEMERTINOS  |2 CL-VaPUC  |9 485608 
650 0 |a Anélidos  |9 361964 
650 7 |a EQUIURIDOS  |2 CL-VaPUC  |9 485609 
650 7 |a SIPUNCULIDOS  |2 CL-VaPUC  |9 485610 
650 7 |a LOFOFORADOS  |2 CL-VaPUC  |9 485611 
650 7 |a EQUINODERMOS  |2 CL-VaPUC  |9 261782 
650 7 |a ESPECIES  |2 CL-VaPUC  |9 331928 
650 0 |a Taxonomia  |9 341054 
583 |a last modification  |c 20040528 00:00:00  |k Rodrigo Vera 
999 |c 309335  |d 309333 
952 |0 0  |1 0  |2 ddc  |4 0  |6 593_000000000000000_OCA_2000  |7 0  |8 CCM  |9 376761  |a BIBCUR  |b BIBCUR  |d 2019-11-21  |i 4021347  |l 3  |o 593 OCA 2000  |p 4021347  |r 2025-04-22  |s 2024-09-24  |w 2019-11-21  |y BK  |k CIM